Cidades das emissoras próprias da RecordTV - Statistics

Estatísticas Gerais
  • Esse quiz foi jogado 21 vezes
  • A pontuação média é 10 de 14
Estatísticas das Respostas
Cidade % Correto
Brasília
100%
Rio de Janeiro
100%
Salvador
100%
São Paulo
100%
Porto Alegre
94%
Belém
88%
Belo Horizonte
88%
Goiânia
88%
Ribeirão Preto
63%
Santos
63%
São José do Rio Preto
44%
Campos dos Goytacazes
38%
Franca
38%
Itabuna
25%
Nenhum quiz correspondente encontrado
Distribuição das Pontuações
Porcentagem de Pessoas com Cada Pontuação
Percentil de Números Respondidos
Sua Pontuação Histórica
Você não jogou esse quiz